LEADER 05204nam 2200673 450 001 9910465038503321 005 20200520144314.0 010 $a0-8135-6243-0 024 7 $a10.36019/9780813562438 035 $a(CKB)3710000000089520 035 $a(EBL)1639058 035 $a(SSID)ssj0001132831 035 $a(PQKBManifestationID)11663069 035 $a(PQKBTitleCode)TC0001132831 035 $a(PQKBWorkID)11155490 035 $a(PQKB)10495128 035 $a(MiAaPQ)EBC1639058 035 $a(DE-B1597)526340 035 $a(OCoLC)871258266 035 $a(DE-B1597)9780813562438 035 $a(Au-PeEL)EBL1639058 035 $a(CaPaEBR)ebr10840157 035 $a(CaONFJC)MIL577593 035 $a(EXLCZ)993710000000089520 100 $a20140305h20142014 uy 0 101 0 $aeng 135 $aurcnu|||||||| 181 $ctxt 182 $cc 183 $acr 200 10$aRachel Carson and her sisters $eextraordinary women who have shaped America's environment /$fRobert K. Musil 210 1$aNew Brunswick, New Jersey :$cRutgers University Press,$d2014. 210 4$dİ2014 215 $a1 online resource (328 p.) 300 $aDescription based upon print version of record. 311 $a0-8135-6242-2 320 $aIncludes bibliographical references and index. 327 $tFront matter --$tContents --$tList of Figures --$tPreface and Acknowledgments --$tIntroduction --$t1. Have You Seen the Robins? Rachel Carson's Mother and the Tradition of Women Naturalists --$t2. Don't Harm the People: Ellen Swallow Richards, Dr. Alice Hamilton, and Their Heirs Take On Polluting Industries --$t3. Carson and Her Sisters: Rachel Carson Did Not Act Alone --$t4. Rachel Carson, Terry Tempest Williams, and Ecological Empathy --$t5. The Environment around Us and inside Us: Ellen Swallow Richards, Silent Spring, and Sandra Steingraber --$t6. Rachel Carson, Devra Davis, Pollution, and Public Policy --$t7. Rachel Carson and Theo Colborn: Endocrine Disruption and Ethics --$tEpilogue --$tNotes --$tIndex --$tAbout the Author 330 $a"In Rachel Carson and Her Sisters, Musil fills the gap by placing Carson's achievements in a wider context, weaving connections from the past through the present. Readers will find new insight into Carson and contemporary figures she influenced...who have historically received less attention. Musil's respect and enthusiasm for these women is evident throughout the book, making it a deeply engaging and enjoyable read. A valuable addition to scholarship on Rachel Carson, female environmentalists, and the American environmental movement in general. Highly recommended. All academic and general readers." -Choice "This is a long overdue book, giving great credit to the long line of women who have done so much to shape our culture's view of the world around us and of our prospects in it. We desperately need that culture to heed their words!" -Bill McKibben, author Oil and Honey: The Education of an Unlikely Activist "A vibrant, engaging account of the women who preceded and followed Rachel Carson's efforts to promote environmental and human health. In exquisite detail, Musil narrates the brilliant careers and efforts of pioneering women from the 1850's onward to preserve nature and maintain a healthy environment. Anyone interested in women naturalists, activists, and feminist environmental history will welcome this compelling, beautifully-written book." -Carolyn Merchant, author of The Death of Nature and professor of environmental history, philosophy, and ethics, University of California, Berkeley. "Bob Musil brilliantly documents the rich trajectory of women's intellectual and political influence, not just on environmentalism but on public policy and activism. Musil offers fascinating details of Rachel Carson's struggles to be taken seriously as a scientist and unearths the stories of the women-unsung heroes all-who influenced her. A must read for anyone interested in American history, science and environmental politics." -Heather White, Executive Director, the Environmental Working Group "Musil uses the life and writings of Rachel Carson as an exemplar of women's participation in the American environmental movement. He places Carson's achievements in contexts by illuminating...the lives of trailblazing female scientists who inspired her and for whom she, in turn, paved the way. Extremely well-researched." -Foreword Reviews 606 $aWomen environmentalists$zUnited States$vBiography 606 $aWomen environmentalists$zUnited States 606 $aWomen naturalists$zUnited States 606 $aWomen and the environment$zUnited States 606 $aEnvironmentalism$zUnited States 608 $aElectronic books. 615 0$aWomen environmentalists 615 0$aWomen environmentalists 615 0$aWomen naturalists 615 0$aWomen and the environment 615 0$aEnvironmentalism 676 $a508.092 700 $aMusil$b Robert K.$f1943-$01032803 801 0$bMiAaPQ 801 1$bMiAaPQ 801 2$bMiAaPQ 906 $aBOOK 912 $a9910465038503321 996 $aRachel Carson and her sisters$92478346 997 $aUNINA LEADER 05589oam 2200781I 450 001 9910463964503321 005 20200520144314.0 010 $a1-315-78605-2 010 $a1-317-71935-2 010 $a1-317-71936-0 024 7 $a10.4324/9781315786056 035 $a(CKB)2670000000529247 035 $a(EBL)1639350 035 $a(SSID)ssj0001130812 035 $a(PQKBManifestationID)12383542 035 $a(PQKBTitleCode)TC0001130812 035 $a(PQKBWorkID)11111960 035 $a(PQKB)11154717 035 $a(OCoLC)878138750 035 $a(MiAaPQ)EBC1639350 035 $a(Au-PeEL)EBL1639350 035 $a(CaPaEBR)ebr10843659 035 $a(CaONFJC)MIL578195 035 $a(OCoLC)871224655 035 $a(OCoLC)897457394 035 $a(EXLCZ)992670000000529247 100 $a20180706e20132002 uy 0 101 0 $aeng 135 $aur|n|---||||| 181 $ctxt 182 $cc 183 $acr 200 10$aFamily empowerment intervention $ean innovative service for high-risk youths and their families /$fRichard Dembo, James Schmeidler 210 1$aLondon :$cRoutledge,$d2013. 215 $a1 online resource (211 p.) 225 1 $aHaworth Criminal Justice, Forensic Behavioral Sciences, & Offender Rehabilitation 300 $aFirst published in 2002 by The Haworth Press, Inc. 311 $a0-7890-1573-0 311 $a0-7890-1572-2 320 $aIncludes bibliographical references and index. 327 $aCover; Half Title; Title Page; Copyright Page; Table of Contents; Foreword; Acknowledgments; Chapter 1. The Need for Effective, Cost-Efficient Intervention Services for High-Risk Youths; Strengths and Limitations of Case Management and Referral Services; A Study of Preliminary Screening; The Importance of Family Interventions with an Ecological Focus; Criteria for Evaluating Intervention Programs; Organization of Report; Chapter 2. Overview of the Family Empowerment Intervention; Theoretical Foundations; Goals; Structural Intervention Strategies; Phases of the Intervention 327 $aCategories of Families Served by the FEIInvolving Families and Moving Them Through the FEI to Graduation; The Field Consultants; Roles and Responsibilities of Key Supervisory Personnel; Clinical Policies; Ensuring the Integrity of Intervention Services; Implementing the FEI; Chapter 3. Youths and Families Involved in the Youth Support Project; Setting for the YSP; Selecting Youths and Families for Enrollment in the YSP; Data-Collection Procedures; Characteristics of Youths at Baseline Interview; Summary; Chapter 4. Impact of the Family Empowerment Intervention on Crime; Case Type 327 $aOfficial Record OutcomesSelf-Reported Delinquency; Influence of Change in Project's Clinical Leadership on Outcomes; Chapter 5. Impact of the Family Empowerment Intervention on Alcohol and Other Drug Use; Short-Term Impact on Alcohol /Other Drug Use; Long-Term Impact on Alcohol /Other Drug Use; Influence of Change in Project's Clinical Leadership on Outcomes; Chapter 6. Impact of the Family Empowerment Intervention on Emotional/Psychological Functioning; Short-Term Impact on Emotional /Psychological Functioning; Long-Term Impact on Emotional/Psychological Functioning 327 $aInfluence of Change in Project's Clinical Leadership on OutcomesSummary of Findings; Chapter 7. Conclusions and Directions for the Future; Short-Term Impact of the FEI; Long-Term Impact of the FEI; Could Project Referrals to Services Account for Its Impact, Not the FEI?; Cost-Saving Benefits of the FEI; How Could the FEI Be Improved?; Next Steps; Appendix A. Time 1 Summary Measures for Six Sets of Major Variables; Appendix B. Parent-Adolescent Communication (Adolescent and Mother Form); Appendix C. Publications Resulting from the Youth Support Project and Family Empowerment Intervention 327 $aAppendix D. Percentage of ESI Youths, FEI Noncompleters, and FEI Completers Who Reported Receiving Various Services During the Second Follow-Up PeriodAppendix E. Percentage of ESI Youths, FEI Noncompleters, and FEI Completers Who Reported Receiving Various Services During the Third Follow-Up Period; References; Index 330 $aUse this important intervention to improve your practice with substance-using youths and their families!This vital book gives you a detailed review of a National Institute on Drug Abuse-funded, long-term clinical trial of the Family Empowerment Intervention (FEI). The subjects are youths who have been arrested and processed at the Hillsborough County Juvenile Assessment Center and their families. With information on the conceptual foundations and clinical practices of the intervention and an examination of its one-year and longer-term impact on these youths' recidivism and psychosoci 410 0$aHaworth criminal justice, forensic behavioral sciences & offender rehabilitation. 606 $aSocial work with youth 606 $aYouth$xFamily relationships 606 $aFamily social work 606 $aYouth$xServices for 606 $aFamilies 608 $aElectronic books. 615 0$aSocial work with youth. 615 0$aYouth$xFamily relationships. 615 0$aFamily social work. 615 0$aYouth$xServices for. 615 0$aFamilies. 676 $a362.7/083 700 $aDembo$b Richard.$0961984 701 $aSchmeidler$b James$0961985 801 0$bMiAaPQ 801 1$bMiAaPQ 801 2$bMiAaPQ 906 $aBOOK 912 $a9910463964503321 996 $aFamily empowerment intervention$92181140 997 $aUNINA